01627nam a2200433 i 450000100060000000300090000600500170001500800410003202000150007304000360008804100070012404600090013108000310014008000160017124502110018726000300039830000540042833600270048233700540050933800280056338000160059138800140060738800140062149000400063550400390067564800140071464800140072865000280074265000480077065000280081865100460084665500110089265800250090370000310092871000610095971000350102083000400105585600980109539290KOSZ 00520240405063127.0001010s2000 pl a |000 0 pol d a8372171203 cKOSZ 005aKOSZ 005dKOSZ 005/HR0 apl k2000 a502.13/.14(438)"1989/...": a349.6(4-67)00aRaport o stanie środowiska w województwie zachodniopomorskim w roku 1999 /c[aut. Krystyna Jurkowska et al.] ; Inspekcja Ochrony Środowiska, Wojewódzki Inspektorat Ochrony Środowiska w Szczecinie. aSzczecin :bIOŚ,c2000. a152 s., [8]k.tabl. :bfot., mapy, wykr. ;c30 cm. 2rdacontentaTekstbtxt 2rdamediaaBez urządzenia pośredniczącegobn 2rdacarrieraWoluminbnc aKsiążki a1901-2000 a1989-20001 aBiblioteka Monitoringu Środowiska aWykaz aktów prawnych s. 143-152. 7a1901-2000 7a1989-2000 7aŚrodowisko człowieka 7aPrawo ochrony środowiska międzynarodowe 7aPrawo Unii Europejskiej 7aWojewództwo zachodniopomorskie (1999- ) 7aRaport 7aOchrona środowiska1 aJurkowska, KrystynaeAutor2 aWojewódzki Inspektorat Ochrony Środowiska (Szczecin)2 aInspekcja Ochrony Środowiska aBiblioteka Monitoringu Środowiska uhttp://koha.tu.koszalin.pl/cgi-bin/koha/opac-detail.pl?biblionumber=39290yKatalog online BPK